| Tag |
First Indicator |
Second Indicator |
Subfields |
| LEADER |
00000cam a2200000 4500 |
| 001 |
in00003442113 |
| 005 |
20151206103542.0 |
| 008 |
790626s1955 cauch b 00000 fremc |
| 010 |
|
|
|a a 56009186
|
| 035 |
|
|
|a (OCoLC)ocm05110557
|
| 040 |
|
|
|a California. Univ. Libr.
|c COO
|d m.c.
|d TNY
|d UtOrBLW
|
| 090 |
|
|
|a B1828.C76
|b L23
|
| 100 |
1 |
|
|a La Harpe, Jacqueline Ellen Violette,
|d 1894-
|
| 245 |
1 |
0 |
|a Jean-Pierre de Crousaz (1663-1750) et le conflit des idées au siècle des lumières /
|c by Jacqueline E. de la Harpe. Avec une préf. de Daniel Mornet.
|
| 264 |
|
1 |
|a Berkeley :
|b University of California Press,
|c 1955.
|
| 300 |
|
|
|a 281 pages, 6 unnumbered leaves of plates :
|b portraits, facsimiles ;
|c 24 cm.
|
| 336 |
|
|
|a text
|b txt
|2 rdacontent
|
| 337 |
|
|
|a unmediated
|b n
|2 rdamedia
|
| 338 |
|
|
|a volume
|b nc
|2 rdacarrier
|
| 490 |
1 |
|
|a University of California publications in modern philology ;
|v v. 47
|
| 504 |
|
|
|a "Liste des ouvrages de J.-P. de Crousaz": pages [268]-271.
|
| 600 |
1 |
0 |
|a Crousaz, Jean-Pierre de,
|d 1663-1750.
|
| 830 |
|
0 |
|a University of California publications in modern philology ;
|v v. 47.
|
| 999 |
|
|
|a MARS
|
| 999 |
f |
f |
|s cb269f1d-4978-3e47-930d-bacc99c99523
|i e852a311-69cc-34aa-9e4c-928c16301426
|t 0
|
| 952 |
f |
f |
|p ric
|a Texas A&M University
|b Rellis Campus
|c Joint Library Facility
|d Remote Storage
|t 0
|e B1828.C76 L23
|h Library of Congress classification
|i unmediated -- volume
|m 32060004188146
|
| 998 |
f |
f |
|a B1828.C76 L23
|t 0
|l Remote Storage
|